Fußballvereine nach Logo (Extrem) - Statistiken

Allgemein
  • Dieses Quiz wurde 582 mal gespielt
  • Das Durchschnittsergebnis liegt bei 8 aus 16
Antwortstatistiken
Bildquiz Antwort % Korrekt
Monaco AS
95%
LOSC Lille
94%
Besiktas JK
82%
Sparta Prag AC
80%
Anderlecht RSC
73%
Molde FK
70%
Stade Brest 29
59%
Trabzonspor
54%
Apoel FC
50%
Lugano FC
44%
Sturm Graz
39%
Shakhtar Donetsk
33%
FCSB Fotbal Club
22%
Heart of Midlothian FC
15%
Silkeborg IF
15%
Tobol Kostanay FC
1%
Keine übereinstimmenden Quizze gefunden
Verteilung der Resultate
Anzahl Personen mit jedem Resultat
Perzentil nach korrekt beantworteten Fragen
Ihre Resultats-Entwicklung
Sie haben dieses Quiz noch nicht gespielt